[Event "Guillermo Garcia Alfil"]
[Site "Santa Clara"]
[Date "2002.05.27"]
[Round "8"]
[White "Del Rio Angelis, Salvador Gabriel"]
[Black "Almeida, Omar"]
[Result "1-0"]
[WhiteElo "2495"]
[BlackElo "2484"]
[PlyCount "79"]
[EventDate "2002.05.04"]
[Source "ChessBase"]
[SourceDate "2002.07.08"]

1. e4 Nf6 2. e5 Nd5 3. d4 d6 4. Nf3 Bg4 5. Be2 c6 6. O-O Bxf3 7. Bxf3 dxe5 8. dxe5 e6 9. Nd2 Nd7 10. Re1 Qc7 11. Nc4 N7b6 12. Nd6+ Bxd6 13. exd6 Qxd6 14. b3 Qe7 15. c4 Nf6 16. a4 Rd8 17. Qc2 a6 18. Ba3 Qc7 19. Qf5 Kd7 20. Qg5 Rhg8 21. a5 Nc8 22. Bh5 Nxh5 23. Rad1+ Ke8 24. Rxd8+ Qxd8 25. Qxh5 Qd2 26. Rxe6+ Kd8 27. Re3 Qd4 28. Re1 Re8 29. Rd1 Kc7 30. h3 Qf6 31. Qxh7 Re2 32. Bc5 g6 33. Bd4 Qf4 34. Qg8 Qf5 35. Bb6+ Kb8 36. Qd8 Re7 37. Be3 Qe5 38. Qf8 Qf5 39. Rd8 Re4 40. Qd6+ 1-0

[Event "Capablanca mem-A"]
[Site "Matanzas"]
[Date "1992.??.??"]
[Round "5"]
[White "Rodriguez Cespedes, Amador"]
[Black "Urday Caceres, Henry"]
[Result "1/2-1/2"]
[WhiteElo "2495"]
[BlackElo "2480"]
[PlyCount "80"]
[EventDate "1992.05.??"]
[Source "ChessBase"]

1. e4 Nf6 2. e5 Nd5 3. d4 d6 4. Nf3 Bg4 5. Be2 c6 6. c4 Nb6 7. Nbd2 N8d7 8. O-O dxe5 9. dxe5 e6 10. b3 a5 11. Bb2 Nc5 12. Nd4 Nd3 13. Bc3 Bb4 14. Bxb4 axb4 15. Nc2 Bf5 16. Nf3 Nf4 17. Ncd4 Bg6 18. Re1 Nxe2+ 19. Qxe2 O-O 20. Qe3 Qc7 21. Ng5 Rfe8 22. h4 Ra3 23. Qe2 Qe7 24. Qg4 h5 25. Qg3 Rd8 26. Rad1 Qe8 27. Qe3 Nxc4 28. Qf3 Nb2 29. Rd2 c5 30. Rxb2 Rxd4 31. Qxb7 Ra8 32. g3 Rd5 33. Nh3 Rb8 34. Qc7 Qb5 35. Rc1 Rbd8 36. Kh2 R8d7 37. Qc8+ Rd8 38. Qc7 R8d7 39. Qc8+ Rd8 40. Qc7 R8d7 1/2-1/2

[Event "Calviá ol (Men)"]
[Site "Mallorca"]
[Date "2004.10.24"]
[Round "9.9"]
[White "Guseinov, Gadir"]
[Black "Gonzales, Jayson"]
[Result "1-0"]
[WhiteElo "2552"]
[BlackElo "2422"]
[PlyCount "71"]
[EventDate "2004.10.15"]
[Source "Roberto Alvarez"]
[SourceDate "2004.10.25"]

1. e4 Nf6 2. e5 Nd5 3. d4 d6 4. Nf3 Bg4 5. Be2 c6 6. Ng5 Bf5 7. Bd3 Bxd3 8. Qxd3 h6 9. Nf3 dxe5 10. Nxe5 Nd7 11. Ng6 Rg8 12. O-O e6 13. Nxf8 Rxf8 14. c4 Ne7 15. Nc3 Nf6 16. Bf4 Qa5 17. Bd6 Rd8 18. c5 Nf5 19. Bxf8 Kxf8 20. Ne2 Rd7 21. Rfd1 Qd8 22. b4 Nd5 23. b5 cxb5 24. Qxb5 Nde7 25. Rd3 Nc6 26. Rad1 Kg8 27. Qc4 Qh4 28. Qc3 Qg4 29. Qd2 Rd5 30. h3 Qh4 31. Qb2 Nd8 32. Nc3 Rd7 33. d5 e5 34. c6 bxc6 35. dxc6 Rxd3 36. c7 1-0

[Event "Lloyds Bank Open"]
[Site "London ENG"]
[Date "1991.??.??"]
[Round "9"]
[White "Emms, John M"]
[Black "Rogers, Ian"]
[Result "1/2-1/2"]
[WhiteElo "2425"]
[BlackElo "2545"]
[PlyCount "103"]
[EventDate "1991.08.??"]
[Source "www.chesslib.no"]
[SourceDate "2004.05.04"]

1. e4 Nf6 2. e5 Nd5 3. d4 d6 4. Nf3 Bg4 5. Be2 c6 6. c4 Nc7 7. exd6 exd6 8. O-O Be7 9. Nc3 O-O 10. h3 Bf5 11. Bf4 Re8 12. Re1 Nd7 13. Bd3 Bg6 14. Bxg6 hxg6 15. Qd3 Nf6 16. Bh2 a6 17. Rac1 b5 18. a3 Qd7 19. Nd2 Rad8 20. b4 Qf5 21. Qxf5 gxf5 22. Nb3 Ne6 23. Red1 bxc4 24. Na5 d5 25. Nxc6 Rd7 26. Na4 f4 27. Nxe7+ Rdxe7 28. Kf1 g5 29. g3 g4 30. gxf4 gxh3 31. Rc3 Nxd4 32. Rg3+ Kf8 33. Rxh3 Nf5 34. Nb6 Kg7 35. Nxd5 Rd7 36. Nc3 Rxd1+ 37. Nxd1 Ne4 38. Nc3 Nd2+ 39. Kg2 Re6 40. Rh5 Rg6+ 41. Bg3 Kf6 42. a4 Ke6 43. b5 axb5 44. axb5 Rg8 45. Rh1 Rd8 46. Re1+ Kf6 47. b6 Nb3 48. Re5 Rb8 49. Rb5 Nbd4 50. Rb4 Ke6 51. b7 Kd6 52. Rb6+ 1/2-1/2

[Event "Rubinstein mem"]
[Site "Polanica Zdroj"]
[Date "1972.??.??"]
[Round "7"]
[White "Bednarski, Jacek B"]
[Black "Vasiukov, Evgeni"]
[Result "0-1"]
[WhiteElo "2395"]
[BlackElo "2575"]
[PlyCount "76"]
[EventDate "1972.08.??"]
[Source "ChessBase"]

1. e4 Nf6 2. e5 Nd5 3. d4 d6 4. Nf3 Bg4 5. Be2 c6 6. Ng5 Bxe2 7. Qxe2 dxe5 8. dxe5 e6 9. O-O Nd7 10. Re1 h6 11. Nf3 Qc7 12. h4 a5 13. a3 a4 14. Bd2 Bc5 15. Nc3 Nxc3 16. Bxc3 O-O 17. Rad1 Rfd8 18. Nd2 Bf8 19. Qg4 Nb6 20. Nf3 Rxd1 21. Rxd1 Rd8 22. Re1 Rd5 23. h5 Qd7 24. Nh2 Bc5 25. Nf1 Qd8 26. Ne3 Rd7 27. Ba5 Rd4 28. Qf3 Qg5 29. g3 Nd7 30. Bc3 Nxe5 31. Qg2 Qxh5 32. g4 Rxg4 33. Nxg4 Nxg4 34. Re2 Qg5 35. Bd2 Qf5 36. Be3 Nxe3 37. fxe3 Qe5 38. c3 Bxe3+ 0-1

[Event "Pardubice Czech op"]
[Site "Pardubice"]
[Date "1998.??.??"]
[Round "7"]
[White "Pavasovic, Dusko"]
[Black "Sergeev, Vladimir"]
[Result "1-0"]
[WhiteElo "2505"]
[BlackElo "2465"]
[PlyCount "161"]
[EventDate "1998.07.??"]
[Source "www.chesslib.no"]
[SourceDate "2004.05.04"]

1. e4 Nf6 2. e5 Nd5 3. d4 d6 4. Nf3 Bg4 5. Be2 c6 6. O-O Bxf3 7. Bxf3 dxe5 8. dxe5 e6 9. Qe2 Nd7 10. a3 Qc7 11. Re1 Bc5 12. Nd2 O-O 13. Nb3 Bb6 14. Bg5 Rfe8 15. Rad1 h6 16. Bc1 Rad8 17. Nd4 Ne7 18. Bh5 Nf8 19. c3 Rd7 20. h4 Bxd4 21. cxd4 Red8 22. Be3 Nf5 23. Qc4 a6 24. Rd2 Qa5 25. Red1 Qb5 26. Qxb5 axb5 27. g3 Ng6 28. Bxg6 fxg6 29. Kh2 Rd5 30. b4 Kf7 31. Kh3 Ne7 32. Kg2 Nc8 33. Rc1 Nb6 34. Rd3 Nc4 35. Rdc3 Ra8 36. Ra1 Ra4 37. Rb3 Rd8 38. g4 Nb6 39. Kf3 Ke7 40. Rd1 Nc4 41. Rdd3 Rf8+ 42. Kg3 Rf7 43. Bc1 Ke8 44. Rf3 Ra8 45. Rxf7 Kxf7 46. Kf3 Nb6 47. Ke4 Nd5 48. Rh3 h5 49. Rf3+ Kg8 50. gxh5 gxh5 51. Bg5 b6 52. Rb3 Kf7 53. Rf3+ Ke8 54. Rb3 c5 55. bxc5 bxc5 56. dxc5 Kd7 57. Bd2 Kc6 58. Bb4 Ne7 59. Rd3 Nf5 60. Kf4 Rf8 61. Kg5 Rh8 62. Kg6 Rf8 63. Rd2 Kc7 64. c6 Ra8 65. Rc2 Nxh4+ 66. Kxh5 Nf5 67. Kg6 Nd4 68. Bd6+ Kc8 69. Rc3 Ra6 70. c7 Nf5 71. Bf8 Ra4 72. Bb4 Ra6 73. Kf7 Rb6 74. Bf8 g5 75. Kf6 g4 76. Kg5 Ra6 77. Kxg4 Ra7 78. Bd6 Nxd6 79. exd6 Ra6 80. Kg5 Rxd6 81. Kf6 1-0

[Event "Beersheba"]
[Site "Beersheba"]
[Date "1987.??.??"]
[Round "?"]
[White "Watson, William N"]
[Black "Kuijf, Marinus"]
[Result "1-0"]
[WhiteElo "2500"]
[BlackElo "2470"]
[PlyCount "53"]
[EventDate "1987.03.??"]
[Source "ChessBase"]

1. e4 Nf6 2. e5 Nd5 3. d4 d6 4. Nf3 Bg4 5. Be2 c6 6. Ng5 Bxe2 7. Qxe2 dxe5 8. dxe5 e6 9. O-O Nd7 10. f4 Be7 11. Ne4 Nc5 12. Nxc5 Bxc5+ 13. Kh1 Qb6 14. c4 Ne7 15. Nc3 Nf5 16. Bd2 a5 17. Na4 Qa7 18. g4 Nd4 19. Qe4 O-O-O 20. Be3 Nb3 21. Nxc5 Nxc5 22. Qf3 Rd7 23. Rad1 Rhd8 24. Rxd7 Rxd7 25. f5 b6 26. Bxc5 bxc5 27. fxe6 1-0

[Event "13. Salona"]
[Site "?"]
[Date "2005.12.11"]
[Round "3"]
[White "Kovalevskaya Ekaterina"]
[Black "Kovacevic Vlatko"]
[Result "1/2-1/2"]
[WhiteElo "2457"]
[BlackElo "2512"]
[PlyCount "87"]
[EventDate "2005.??.??"]
[Source "www.chesslib.no"]
[SourceDate "2004.05.04"]

1. e4 Nf6 2. e5 Nd5 3. d4 d6 4. Nf3 Bg4 5. Be2 c6 6. O-O Bxf3 7. Bxf3 dxe5 8. dxe5 e6 9. c4 Ne7 10. Qxd8+ Kxd8 11. Be4 Nd7 12. f4 Nf5 13. Nc3 Kc7 14. g4 Bc5+ 15. Kg2 Ne3+ 16. Bxe3 Bxe3 17. Rf3 Bc5 18. Bc2 Rad8 19. Ne4 Be7 20. Rd1 h5 21. g5 Nc5 22. Rxd8 Rxd8 23. g6 fxg6 24. Ng5 Bxg5 25. fxg5 Rd2+ 26. Rf2 Rxf2+ 27. Kxf2 Nd7 28. Bxg6 Nxe5 29. Bxh5 Nxc4 30. b3 Nd6 31. Kf3 Nf5 32. Kf4 Kd6 33. Bg6 Ne7 34. Bd3 b5 35. h4 e5+ 36. Kg4 a5 37. h5 Ke6 38. Kf3 Nd5 39. h6 gxh6 40. gxh6 Kf6 41. h7 Kg7 42. Ke4 Nc3+ 43. Kxe5 Nxa2 44. Kd6 1/2-1/2

[Event "Torcy Open"]
[Site "Torcy"]
[Date "1991.??.??"]
[Round "?"]
[White "Sokolov, Andrei"]
[Black "Zelcic, Robert"]
[Result "1/2-1/2"]
[WhiteElo "2550"]
[BlackElo "2415"]
[PlyCount "66"]
[EventDate "1991.04.??"]
[Source "www.chesslib.no"]
[SourceDate "2004.05.04"]

1. e4 Nf6 2. e5 Nd5 3. d4 d6 4. Nf3 Bg4 5. Be2 c6 6. c4 Nb6 7. Nbd2 dxe5 8. Nxe5 Bf5 9. Ndf3 N8d7 10. O-O Nxe5 11. Nxe5 e6 12. Bg4 Bxg4 13. Qxg4 Nd7 14. Rd1 h5 15. Qe2 Bd6 16. Rd3 Bxe5 17. dxe5 Qe7 18. Rg3 Qc5 19. Bf4 Qd4 20. Rf3 Nb6 21. Rc1 O-O-O 22. Be3 Qg4 23. h3 Qg6 24. Rg3 Qe4 25. Rxg7 Rhg8 26. f3 Qxe5 27. Rxf7 Rg3 28. Kh1 Rdg8 29. Rg1 Nxc4 30. Qxc4 Qxe3 31. Kh2 h4 32. Qf4 Rxg2+ 33. Rxg2 Rxg2+ 1/2-1/2

[Event "Moskva"]
[Site "?"]
[Date "1990.??.??"]
[Round "?"]
[White "Sokolov, A."]
[Black "Kremenietsky, A."]
[Result "1-0"]
[WhiteElo "2570"]
[BlackElo "2390"]
[PlyCount "85"]
[EventDate "1990.??.??"]
[Source "ChessBase"]
[SourceDate "1990.07.01"]

1. e4 Nf6 2. e5 Nd5 3. d4 d6 4. Nf3 Bg4 5. Be2 c6 6. c4 Nb6 7. Nbd2 N8d7 8. h3 Bxf3 9. Nxf3 dxe5 10. dxe5 e6 11. O-O Qc7 12. Qd4 h6 13. Rd1 g5 14. b3 Bg7 15. Bb2 O-O-O 16. Qe3 Kb8 17. a4 Nc8 18. b4 Ne7 19. Bd3 a5 20. bxa5 Qxa5 21. Rdb1 Nc5 22. Bc2 Nf5 23. Bxf5 exf5 24. Nd4 f4 25. Qa3 Ka8 26. Bc3 Qa7 27. a5 Bf8 28. a6 Nxa6 29. Qa5 Rxd4 30. Bxd4 Qxd4 31. Rb6 Qxc4 32. Rxa6+ Qxa6 33. Qc3 Bg7 34. Rxa6+ bxa6 35. Qxc6+ Kb8 36. Qd6+ Kc8 37. Qe7 Rd8 38. Qxf7 Rd7 39. Qe8+ Kc7 40. e6 Rd1+ 41. Kh2 Re1 42. Qd7+ Kb6 43. e7 1-0

[Event "Bundesliga 9798"]
[Site "Germany"]
[Date "1998.??.??"]
[Round "?.5"]
[White "Chandler, Murray G"]
[Black "Schroll, Gerhard"]
[Result "1-0"]
[WhiteElo "2555"]
[BlackElo "2405"]
[PlyCount "51"]
[EventDate "1997.10.??"]
[Source "ChessBase"]
[SourceDate "1999.07.01"]

1. e4 Nf6 2. e5 Nd5 3. d4 d6 4. Nf3 Bg4 5. Be2 c6 6. c4 Nb6 7. Ng5 Bxe2 8. Qxe2 dxe5 9. dxe5 e6 10. O-O N8d7 11. Bf4 Qc7 12. Nc3 h6 13. Nge4 Nxe5 14. c5 Nbd7 15. Nd6+ Bxd6 16. cxd6 Qxd6 17. Rad1 Qc7 18. Rxd7 Qxd7 19. Bxe5 O-O 20. Rd1 Qc8 21. Ne4 f6 22. Bc3 e5 23. h3 Rd8 24. Qc4+ Kh7 25. Nxf6+ Kg6 26. Nd7 1-0

[Event "TCh-ROU Superliga"]
[Site "Predeal ROU"]
[Date "2007.10.14"]
[Round "2"]
[White "Sanduleac, V."]
[Black "Sergeev, Vl"]
[Result "1/2-1/2"]
[WhiteElo "2450"]
[BlackElo "2507"]
[PlyCount "38"]
[EventDate "2007.10.13"]
[Source "www.chesslib.no"]
[SourceDate "2004.05.04"]

1. e4 Nf6 2. e5 Nd5 3. d4 d6 4. Nf3 Bg4 5. Be2 c6 6. O-O Bxf3 7. Bxf3 dxe5 8. dxe5 e6 9. Qe2 Nd7 10. Bxd5 cxd5 11. c4 dxc4 12. Qxc4 Rc8 13. Qa4 Bc5 14. Nc3 O-O 15. Rd1 Rc6 16. Bf4 Qe7 17. Bg3 Rfc8 18. Ne4 Nb6 19. Qb3 Ra8 1/2-1/2

[Event "Polish Extraleague"]
[Site "Lubniewice"]
[Date "2003.09.02"]
[Round "4"]
[White "Gajewski, Grzegorz"]
[Black "Matlak, Marek"]
[Result "1/2-1/2"]
[WhiteElo "2456"]
[BlackElo "2501"]
[PlyCount "31"]
[EventDate "2003.08.30"]
[Source "Roberto Alvarez"]
[SourceDate "2003.09.15"]

1. e4 Nf6 2. e5 Nd5 3. d4 d6 4. Nf3 Bg4 5. Be2 c6 6. O-O Bxf3 7. Bxf3 dxe5 8. dxe5 e6 9. b3 Nd7 10. Bb2 Qc7 11. Qe2 Nf4 12. Qe4 Ng6 13. Re1 Be7 14. Nd2 O-O 15. Nc4 Nb6 16. g3 1/2-1/2

[Event "Petrov mem"]
[Site "St. Petersburg"]
[Date "1998.??.??"]
[Round "8"]
[White "Aseev, Konstantin N"]
[Black "Murashko, Vyacheslav L"]
[Result "1/2-1/2"]
[WhiteElo "2565"]
[BlackElo "2390"]
[PlyCount "84"]
[EventDate "1998.??.??"]
[Source "www.chesslib.no"]
[SourceDate "2004.05.04"]

1. e4 Nf6 2. e5 Nd5 3. d4 d6 4. Nf3 Bg4 5. Be2 c6 6. Ng5 Bf5 7. e6 fxe6 8. g4 Bg6 9. Bd3 Bxd3 10. Qxd3 Nf6 11. Nxe6 Qd7 12. Qe2 Kf7 13. Ng5+ Kg8 14. Rg1 Na6 15. Nc3 Re8 16. Ne6 Kf7 17. Ng5+ Kg8 18. Bf4 Nc7 19. O-O-O Ncd5 20. Nxd5 Nxd5 21. Ne6 Nxf4 22. Nxf4 e5 23. dxe5 Qf7 24. Nd3 Qxa2 25. f4 h5 26. gxh5 Qa1+ 27. Kd2 Qa5+ 28. c3 dxe5 29. fxe5 Qb5 30. Rg6 c5 31. Kc1 c4 32. Nf4 Rxe5 33. Qf3 Rf5 34. Qg4 Qe5 35. Ne6 Rhxh5 36. Qxc4 Kh7 37. Rdg1 Rh6 38. Nxf8+ Rxf8 39. Rxh6+ gxh6 40. Kb1 Qf5+ 41. Ka2 Qa5+ 42. Kb1 Qf5+ 1/2-1/2

[Event "CZE Team Ch 9495"]
[Site "Czech Republic"]
[Date "1995.??.??"]
[Round "1"]
[White "Mokry, Karel"]
[Black "Sergeev, Vladimir"]
[Result "1-0"]
[WhiteElo "2525"]
[BlackElo "2430"]
[PlyCount "120"]
[EventDate "1994.??.??"]
[Source "www.chesslib.no"]
[SourceDate "2004.05.04"]

1. e4 Nf6 2. e5 Nd5 3. d4 d6 4. Nf3 Bg4 5. Be2 c6 6. O-O Bxf3 7. Bxf3 dxe5 8. dxe5 e6 9. b3 Nd7 10. Qe2 Qc7 11. Re1 O-O-O 12. Bb2 Nf4 13. Qe4 Ng6 14. a4 Be7 15. Na3 Ndxe5 16. Bxe5 Nxe5 17. Qxe5 Qxe5 18. Rxe5 Bf6 19. Nc4 Kc7 20. Rae1 Bxe5 21. Nxe5 Rhf8 22. Be4 g6 23. f4 Rd4 24. Nf3 Rd6 25. Bd3 a6 26. a5 Rd5 27. Ra1 Kd8 28. Kf2 Ke7 29. Ra4 Rc8 30. Ke3 Rc7 31. Ra1 Rc8 32. Be4 Rd6 33. Ne1 Rcd8 34. Nd3 Kd7 35. Ne5+ Ke7 36. Ra4 Rc8 37. Rb4 Rc7 38. Nd3 Kd8 39. Nc5 Kc8 40. Bf3 Re7 41. Rd4 Kc7 42. Rxd6 Kxd6 43. Kd4 f5 44. b4 h6 45. Nd3 g5 46. Ne5 Rc7 47. Nc4+ Ke7 48. Kc5 Rd7 49. Kb6 Rd4 50. Be2 Rxf4 51. Kxb7 g4 52. Kxa6 Rf2 53. Bd3 e5 54. Kb7 e4 55. a6 exd3 56. cxd3 f4 57. a7 Ra2 58. Ne5 Ra4 59. a8=Q Rxa8 60. Kxa8 g3 1-0

[Event "Memorial Najdorf - Open"]
[Site "Varsavia POL"]
[Date "2008.08.07"]
[Round "6"]
[White "Shkapenko, P."]
[Black "Vovk, Y."]
[Result "0-1"]
[WhiteElo "2404"]
[BlackElo "2549"]
[PlyCount "154"]
[EventDate "2008.08.02"]
[Source "www.chesslib.no"]
[SourceDate "2004.05.04"]

1. e4 Nf6 2. e5 Nd5 3. d4 d6 4. Nf3 Bg4 5. Be2 c6 6. Ng5 Bf5 7. Bd3 Bxd3 8. Qxd3 dxe5 9. dxe5 e6 10. O-O Nd7 11. Re1 Bb4 12. c3 Be7 13. Qg3 O-O 14. Nf3 Kh8 15. Bg5 Nc5 16. Bxe7 Nxe7 17. Nd4 Nf5 18. Nxf5 exf5 19. Na3 Qd5 20. Red1 Qe4 21. Re1 Qa4 22. Qe3 b6 23. Qe2 b5 24. Nc2 Ne6 25. Nb4 c5 26. b3 Qa5 27. Nd5 Rfd8 28. Qf3 Qa6 29. Ne7 g6 30. Red1 c4 31. bxc4 bxc4 32. Nc6 Rxd1+ 33. Rxd1 Rc8 34. Nb4 Qb5 35. h4 Qxe5 36. Rd7 Rc7 37. Rxc7 Qxc7 38. Qc6 Qe5 39. Qxc4 Qe1+ 40. Qf1 Qxc3 41. Nd3 Qd4 42. Qe2 Qxh4 43. Ne5 Kg7 44. Nc6 Qa4 45. Qe5+ Kh6 46. Qh2+ Kg7 47. Qe5+ Kh6 48. Qh2+ Kg5 49. Qg3+ Qg4 50. Qxg4+ fxg4 51. Nxa7 Nc5 52. Nb5 Kf4 53. Nc3 Ke5 54. Kh2 Ne4 55. Nb5 f5 56. Kg1 Nd6 57. Nc7 h5 58. a4 Nc4 59. g3 g5 60. Nb5 f4 61. Nc3 h4 62. gxh4 gxh4 63. f3 g3 64. Kg2 Kd4 65. Ne2+ Ke3 66. Ng1 Na5 67. Nh3 Nc4 68. Ng1 Kd4 69. Ne2+ Ke3 70. Ng1 Kd2 71. Nh3 Ne3+ 72. Kg1 Ke2 73. Ng5 h3 74. Nxh3 Kxf3 75. Ng5+ Kg4 76. Ne4 f3 77. a5 Kf4 0-1

[Event "Ron Banwell Masters, London ENG"]
[Site "?"]
[Date "2001.??.??"]
[Round "3"]
[White "Kunte, A."]
[Black "Crouch, C."]
[Result "1-0"]
[WhiteElo "2545"]
[BlackElo "2405"]
[PlyCount "65"]
[EventDate "2001.??.??"]
[Source "www.chesslib.no"]
[SourceDate "2004.05.04"]

1. e4 Nf6 2. e5 Nd5 3. d4 d6 4. Nf3 Bg4 5. Be2 c6 6. O-O Bxf3 7. Bxf3 dxe5 8. dxe5 e6 9. Qe2 Nd7 10. b3 Qc7 11. Bb2 O-O-O 12. g3 h5 13. Bxh5 g6 14. Bf3 Bg7 15. Re1 Rh7 16. Nd2 Rdh8 17. Nf1 Ne7 18. Rad1 Nf5 19. b4 Qb6 20. a3 c5 21. Qc4 Rd8 22. Ne3 Qc7 23. bxc5 Nxe5 24. Bxe5 Bxe5 25. Nxf5 gxf5 26. Rb1 Rd4 27. Qe2 Bf6 28. c3 Rd8 29. Rxb7 Qxc5 30. Qa6 Rd6 31. Rb8+ Kd7 32. Qb7+ Qc7 33. Qb5+ 1-0

[Event "Indonesia"]
[Site "Indonesia"]
[Date "1983.??.??"]
[Round "8"]
[White "Miolo, Ediwan E"]
[Black "Kovacevic, Vlatko"]
[Result "0-1"]
[WhiteElo "2405"]
[BlackElo "2540"]
[PlyCount "40"]
[EventDate "1983.11.??"]
[Source "ChessBase"]

1. e4 Nf6 2. e5 Nd5 3. d4 d6 4. Nf3 Bg4 5. Be2 c6 6. O-O Bxf3 7. Bxf3 dxe5 8. dxe5 e6 9. Qe2 Nd7 10. c4 Ne7 11. b3 Ng6 12. Bb2 Qc7 13. Bh5 Ndxe5 14. f4 Nd7 15. f5 O-O-O 16. fxe6 fxe6 17. Bxg6 Bc5+ 18. Kh1 hxg6 19. h3 Qg3 20. Rf3 Rxh3+ 0-1

[Event "Maribor"]
[Site "Maribor"]
[Date "1980.10.??"]
[Round "1"]
[White "Rakic, Tomislav"]
[Black "Knezevic, Milorad"]
[Result "1/2-1/2"]
[WhiteElo "2455"]
[BlackElo "2490"]
[PlyCount "52"]
[EventDate "1980.??.??"]
[Source "www.chesslib.no"]
[SourceDate "2004.05.04"]

1. e4 Nf6 2. e5 Nd5 3. d4 d6 4. Nf3 Bg4 5. Be2 c6 6. O-O Bxf3 7. Bxf3 dxe5 8. dxe5 e6 9. Qe2 Nd7 10. c4 Ne7 11. Bg4 Qc7 12. f4 h5 13. Bh3 Nf5 14. Bxf5 exf5 15. Be3 Bc5 16. Kh1 Qb6 17. Bxc5 Nxc5 18. Nc3 O-O-O 19. Rab1 Ne6 20. Qc2 Nd4 21. Qa4 Ne6 22. Qc2 Nd4 23. Qa4 Rd7 24. b4 Qa6 25. Qxa6 bxa6 26. Rbc1 Rhd8 1/2-1/2

[Event "Bayamo"]
[Site "Bayamo"]
[Date "1989.??.??"]
[Round "8"]
[White "Rodriguez Cespedes, Amador"]
[Black "Garcia, Gildardo"]
[Result "1-0"]
[WhiteElo "2515"]
[BlackElo "2430"]
[PlyCount "139"]
[EventDate "1989.03.??"]
[Source "www.chesslib.no"]
[SourceDate "2004.05.04"]

1. e4 Nf6 2. e5 Nd5 3. d4 d6 4. Nf3 Bg4 5. Be2 c6 6. c4 Nb6 7. Nbd2 dxe5 8. Nxe5 Bf5 9. Ndf3 f6 10. c5 fxe5 11. cxb6 e6 12. bxa7 Nd7 13. dxe5 Qa5+ 14. Bd2 Bb4 15. O-O Bxd2 16. Nxd2 Nxe5 17. Nc4 Nxc4 18. Bxc4 O-O 19. Qb3 Qxa7 20. Rad1 b5 21. Bxe6+ Bxe6 22. Qxe6+ Qf7 23. Qxf7+ Rxf7 24. a3 b4 25. axb4 Rb7 26. Rd4 Rab8 27. Rfd1 Rxb4 28. Rxb4 Rxb4 29. Rd2 Kf7 30. Kf1 Ke6 31. Ke2 c5 32. Kd1 g5 33. h3 h5 34. Kc2 Rf4 35. Kc3 Ke5 36. b3 Rb4 37. Rd8 h4 38. Rc8 Rb5 39. Kc4 Rb4+ 40. Kc3 Rb5 41. g4 hxg3 42. fxg3 Kf5 43. Rd8 Ke6 44. Rg8 Kf6 45. Rf8+ Kg6 46. g4 Rb7 47. Rc8 Rb5 48. Rc6+ Kf7 49. Rd6 Rb8 50. Rd5 Kg6 51. Rxc5 Rh8 52. Rd5 Rxh3+ 53. Kc4 Rg3 54. Rd4 Kf6 55. Re4 Rg1 56. b4 Rc1+ 57. Kd5 Rb1 58. Kc5 Rc1+ 59. Rc4 Rb1 60. b5 Ke7 61. Kc6 Kd8 62. Rc5 Rh1 63. Rxg5 Rh6+ 64. Kb7 Rh7+ 65. Kb8 Kd7 66. b6 Rh1 67. b7 Ra1 68. Rd5+ Kc6 69. Rd2 Rh1 70. Kc8 1-0

[Event "URS-ch sf"]
[Site "Daugavpils"]
[Date "1978.??.??"]
[Round "?"]
[White "Gufeld, Eduard"]
[Black "Peresipkin, Vladimir"]
[Result "0-1"]
[WhiteElo "2525"]
[BlackElo "2420"]
[PlyCount "88"]
[EventDate "1978.06.??"]
[Source "ChessBase"]

1. e4 Nf6 2. e5 Nd5 3. d4 d6 4. Nf3 Bg4 5. Be2 c6 6. Ng5 Bxe2 7. Qxe2 dxe5 8. dxe5 e6 9. O-O Be7 10. Ne4 O-O 11. c4 Nb4 12. Rd1 Qc7 13. Bg5 Bxg5 14. Nxg5 Nd7 15. a3 h6 16. Nf3 Na6 17. Nc3 Rfd8 18. b4 Nf8 19. Ne4 Rxd1+ 20. Rxd1 Nb8 21. h4 a5 22. b5 Nbd7 23. Nd6 cxb5 24. cxb5 Qc3 25. Qe4 Qxa3 26. Qxb7 Qb3 27. Ra1 Qd5 28. Qxd5 exd5 29. Nd4 a4 30. f4 Ne6 31. Nxe6 fxe6 32. Kf2 a3 33. Ke3 Ra4 34. g3 a2 35. Kd2 Nc5 36. b6 Nb3+ 37. Kc3 Nxa1 38. b7 Nb3 39. b8=Q+ Kh7 40. Kxb3 a1=Q 41. Qb5 Qa2+ 42. Kc3 Ra3+ 43. Kd4 Qd2+ 44. Kc5 Ra5 0-1

[Event "RUS-Cup01 Chigorin mem"]
[Site "St Petersburg"]
[Date "1997.11.08"]
[Round "8"]
[White "Tseitlin, Mark D"]
[Black "Murashko, Vyacheslav L"]
[Result "0-1"]
[WhiteElo "2530"]
[BlackElo "2415"]
[PlyCount "100"]
[EventDate "1997.11.01"]
[Source "www.chesslib.no"]
[SourceDate "2004.05.04"]

1. e4 Nf6 2. e5 Nd5 3. d4 d6 4. Nf3 Bg4 5. Be2 c6 6. O-O Bxf3 7. Bxf3 dxe5 8. dxe5 e6 9. Qe2 Nd7 10. c4 Ne7 11. b3 Ng6 12. Bb2 Qc7 13. Re1 Bb4 14. Nc3 Ndxe5 15. Be4 O-O-O 16. g3 f5 17. Bc2 Rd2 18. Qe3 Rxc2 19. a3 Ba5 20. b4 Rxb2 21. Na4 Bxb4 22. axb4 Rxb4 23. Red1 Rd8 24. Qxa7 Rxd1+ 25. Rxd1 Nd7 26. c5 Qb8 27. Qa5 Rb5 28. Qc3 Qe5 29. Qa3 Kc7 30. Qd3 Qd5 31. Qe2 Qe4 32. Qd2 Qxa4 33. Qxd7+ Kb8 34. Re1 Qa2 35. h4 Rb1 36. Rxb1 Qxb1+ 37. Kh2 Ka7 38. Qxg7 Qc2 39. Qa1+ Kb8 40. Qd4 Kc8 41. h5 Nf8 42. Kg1 f4 43. Qxf4 Qxc5 44. g4 b5 45. Qf6 b4 46. Kg2 b3 47. f4 Nd7 48. Qh8+ Kc7 49. Qa1 Qc2+ 50. Kg3 Qa2 0-1

[Event "Chicago opI"]
[Site "Chicago, IL USA"]
[Date "1992.??.??"]
[Round "8"]
[White "Gurevich, Ilya M"]
[Black "Panchenko, Alexandar G"]
[Result "1-0"]
[WhiteElo "2475"]
[BlackElo "2470"]
[PlyCount "87"]
[EventDate "1992.??.??"]
[Source "www.chesslib.no"]
[SourceDate "2004.05.04"]

1. e4 Nf6 2. e5 Nd5 3. d4 d6 4. Nf3 Bg4 5. Be2 c6 6. O-O Bxf3 7. Bxf3 dxe5 8. dxe5 e6 9. Nd2 Nd7 10. Nc4 b5 11. Nd6+ Bxd6 12. exd6 O-O 13. Re1 N7b6 14. Bxd5 Nxd5 15. Qg4 Qd7 16. Bf4 Rae8 17. a4 b4 18. c4 bxc3 19. bxc3 c5 20. Bd2 f5 21. Qg3 f4 22. Qd3 c4 23. Qxc4 Qxd6 24. Rad1 Qb8 25. Qe4 a5 26. c4 Nb4 27. Bc3 Qc7 28. Be5 Qc6 29. Bxf4 Qxa4 30. Bd6 Rf6 31. Be5 Rf7 32. Rd2 Qc6 33. Qg4 a4 34. Re3 Qb7 35. Rb2 Qe7 36. Qe4 Qc5 37. Bc3 Nc6 38. Rb5 Qd6 39. Rd3 Qc7 40. Rh5 Qf4 41. Qxh7+ Kf8 42. f3 Qxc4 43. Qg6 e5 44. Rh8+ 1-0

[Event "Pardubice Open"]
[Site "Pardubice CZE"]
[Date "1992.??.??"]
[Round "5"]
[White "Kuporosov, Viktor"]
[Black "Pribyl, Josef"]
[Result "1-0"]
[WhiteElo "2510"]
[BlackElo "2430"]
[PlyCount "81"]
[EventDate "1992.07.??"]
[Source "www.chesslib.no"]
[SourceDate "2004.05.04"]

1. e4 Nf6 2. e5 Nd5 3. d4 d6 4. Nf3 Bg4 5. Be2 c6 6. c4 Nb6 7. Nbd2 dxe5 8. Nxe5 Bf5 9. Nb3 N8d7 10. Bf4 Nxe5 11. Bxe5 e6 12. O-O Nd7 13. Bg3 Nf6 14. Bf3 Bd6 15. Qe2 Bxg3 16. hxg3 O-O 17. Rfd1 Re8 18. Rd2 h6 19. Re1 Qb6 20. g4 Bg6 21. Qe3 Qb4 22. Qc3 Qb6 23. Nc5 Rad8 24. b4 Nd7 25. Nb3 Qc7 26. a4 Nb8 27. g3 Re7 28. Kg2 b6 29. c5 f6 30. b5 cxb5 31. axb5 a6 32. d5 bxc5 33. Qxc5 Qxc5 34. Nxc5 axb5 35. d6 Ra7 36. Rxe6 Bf7 37. Re3 Bc4 38. Nb7 Rc8 39. d7 Nxd7 40. Rxd7 b4 41. Rd4 1-0

[Event "Valle d'Aosta op 9th"]
[Site "Saint Vincent"]
[Date "2001.02.05"]
[Round "3"]
[White "Borgo, Giulio"]
[Black "Arencibia, Walter"]
[Result "0-1"]
[WhiteElo "2403"]
[BlackElo "2534"]
[PlyCount "86"]
[EventDate "2001.02.03"]
[Source "ChessBase"]
[SourceDate "2001.03.08"]

1. e4 Nf6 2. e5 Nd5 3. d4 d6 4. Nf3 Bg4 5. Be2 c6 6. exd6 exd6 7. O-O Be7 8. c4 Nc7 9. Nc3 O-O 10. d5 c5 11. Bf4 Nd7 12. Ne4 Ne8 13. Nfd2 Bxe2 14. Qxe2 g5 15. Bg3 f5 16. Nxd6 Bxd6 17. Qe6+ Rf7 18. Bxd6 Ng7 19. Qe2 Qb6 20. Be7 Re8 21. d6 Qxd6 22. Bxd6 Rxe2 23. Nb3 b6 24. Rfe1 Rxb2 25. Be7 h6 26. h4 gxh4 27. Rad1 Nf6 28. Nc1 h3 29. Rd8+ Kh7 30. Nd3 Rxa2 31. Bxf6 Rxf6 32. Re7 Ra1+ 33. Kh2 hxg2 34. Kxg2 Rg6+ 35. Kf3 Ra3 36. Rdd7 h5 37. Ke2 Kh6 38. Nf4 Rg4 39. Rd6+ Kg5 40. Ng2 Re4+ 41. Rxe4 fxe4 42. Ne3 Rd3 43. Nd5 Nf5 0-1